Research Oscillation/ (Record no. 203170)

MARC details
000 -LEADER
fixed length control field 00569nam a22001937a 4500
005 - DATE AND TIME OF LATEST TRANSACTION
control field 20240522130925.0
010 ## - LCCN (DPL NO)
LC control number ENG-140477
020 ## - INTERNATIONAL STANDARD BOOK NUMBER
Terms of availability 650.00
International Standard Book Number 9789393166166
035 ## - SYSTEM CONTROL NUMBER
System control number EN-124009
037 ## - SOURCE OF ACQUISITION
Source of stock number/acquisition DBAD
082 ## - DEWEY DECIMAL CLASSIFICATION NUMBER
Classification number 531.32
Edition number 1
245 ## - TITLE STATEMENT
Title Research Oscillation/
Statement of responsibility, etc Edited by Nalini Misra
260 ## - PUBLICATION, DISTRIBUTION, ETC. (IMPRINT)
Name of publisher, distributor, etc Social Research Foundation
Date of publication, distribution, etc 2022
Place of publication, distribution, etc Uttar Predesh
270 ## - ADDRESS
Address 128/170, H-Block, Kidwai Nagar,
City Kanpur
300 ## - PHYSICAL DESCRIPTION
Extent 152p.
Dimensions 21cm(Hb)
500 ## - GENERAL NOTE
General note Bibliography
700 ## - ADDED ENTRY--PERSONAL NAME
Personal name Misra, Nalini
9 (RLIN) 66738
942 ## - ADDED ENTRY ELEMENTS (KOHA)
Source of classification or shelving scheme Dewey Decimal Classification
Item type English Books
Classification part 531.32
Call number suffix RES
Edition 1
Holdings
Withdrawn status Lost status Not for loan Collection code Home library Current library Date acquired Source of acquisition Cost, normal purchase price Full call number Barcode Copy number Cost, replacement price Koha item type
      Non-fiction Central Jail Tihar Central Jail Tihar 22/05/2024 DBAD 650.00 531.32 RES EN-124009 1 650.00 English Books

© Delhi Public Library
Hit Counter
free hit counter